[Event "XXII. DBMM Schach"]
[Site "Dresden"]
[Date "2024.01.20"]
[Round "6.2"]
[Board "2"]
[White "Hortolani, Sven Holger"]
[Black "Gikas, Andreas Basilius"]
[Result "1/2-1/2"]
[WhiteElo "2135"]
[BlackElo "2123"]
[Annotator "br"]
[PlyCount "60"]
[GameId "489223831008"]
[EventDate "2024.01.18"]
[EventType "team-swiss"]
[EventRounds "7"]
[EventCountry "GER"]
[Tiebreak "Buchholz"]
[SourceTitle "XXII. DBMM Schach"]
[Source "FV Schach e.V."]
[SourceDate "2024.01.21"]
[SourceVersion "1"]
[SourceVersionDate "2024.01.21"]
[SourceQuality "1"]
[WhiteTeam "fachpool gGmbH Herne"]
[BlackTeam "Deutsche Post Bonn"]
[WhiteTeamCountry "GER"]
[BlackTeamCountry "GER"]

1. Nf3 d5 2. g3 Nf6 3. Bg2 c6 4. O-O Bf5 5. b3 e6 6. Bb2 h6 7. d3 Bc5 8. d4 Bd6 9. c4 Nbd7 10. Nc3 Ne4 11. Nd2 Nxd2 12. Qxd2 Bb4 13. a3 Bxc3 14. Bxc3 O-O 15. Rfe1 Re8 16. e4 Bxe4 17. Bxe4 dxe4 18. Rxe4 Qc7 19. Rae1 Red8 20. d5 Nf8 21. Rg4 Ng6 22. Rxe6 fxe6 23. Rxg6 Rd7 24. Qxh6 exd5 25. cxd5 cxd5 26. Qe3 Rc8 27. Qe6+ Kh7 28. Qf5 Kg8 29. Qe6+ Kh7 30. Qf5 Kg8 1/2-1/2

[Event "XXII. DBMM Schach"]
[Site "Dresden"]
[Date "2024.01.20"]
[Round "6.3"]
[Board "3"]
[White "Lorenz, Roger"]
[Black "Leveikina, Jevgenija"]
[Result "1-0"]
[WhiteElo "2152"]
[BlackElo "2064"]
[Annotator "br"]
[PlyCount "69"]
[GameId "489223831009"]
[EventDate "2024.01.18"]
[EventType "team-swiss"]
[EventRounds "7"]
[EventCountry "GER"]
[Tiebreak "Buchholz"]
[SourceTitle "XXII. DBMM Schach"]
[Source "FV Schach e.V."]
[SourceDate "2024.01.21"]
[SourceVersion "1"]
[SourceVersionDate "2024.01.21"]
[SourceQuality "1"]
[WhiteTeam "Deutsche Post Bonn"]
[BlackTeam "fachpool gGmbH Herne"]
[WhiteTeamCountry "GER"]
[BlackTeamCountry "GER"]

1. d4 d5 2. c4 c6 3. Nf3 Nf6 4. Nc3 dxc4 5. a4 Bf5 6. Ne5 Nbd7 7. Nxc4 Nb6 8. Ne5 a5 9. g3 e6 10. Bg2 Nbd5 11. O-O Bb4 12. Qb3 O-O 13. Rd1 Bxc3 14. bxc3 Qb6 15. Qa3 h6 16. Re1 Bh7 17. e4 Nc7 18. Be3 Na6 19. f3 Qc7 20. Nd3 b5 21. axb5 cxb5 22. Qxa5 Qd7 23. Ne5 Qc8 24. Rec1 Nc7 25. Qb4 Rxa1 26. Rxa1 Ncd5 27. exd5 Nxd5 28. Qc5 Nxe3 29. Nc6 Qd7 30. Ne7+ Kh8 31. Ng6+ Bxg6 32. Qxf8+ Kh7 33. h4 Qc7 34. Ra8 Bd3 35. h5 1-0

[Event "XXII. DBMM Schach"]
[Site "Dresden"]
[Date "2024.01.20"]
[Round "6.4"]
[Board "4"]
[White "Selmanaj, Agim"]
[Black "Dehmel, Jens"]
[Result "0-1"]
[WhiteElo "1643"]
[BlackElo "1964"]
[Annotator "br"]
[PlyCount "72"]
[GameId "489223831010"]
[EventDate "2024.01.18"]
[EventType "team-swiss"]
[EventRounds "7"]
[EventCountry "GER"]
[Tiebreak "Buchholz"]
[SourceTitle "XXII. DBMM Schach"]
[Source "FV Schach e.V."]
[SourceDate "2024.01.21"]
[SourceVersion "1"]
[SourceVersionDate "2024.01.21"]
[SourceQuality "1"]
[WhiteTeam "fachpool gGmbH Herne"]
[BlackTeam "Deutsche Post Bonn"]
[WhiteTeamCountry "GER"]
[BlackTeamCountry "GER"]

1. e4 e5 2. Bc4 Nc6 3. a3 Nf6 4. Nc3 Nxe4 5. Bxf7+ Kxf7 6. Nxe4 d5 7. Ng3 Bc5 8. Qf3+ Kg8 9. c3 e4 10. Qe2 Ne5 11. Nxe4 dxe4 12. Qxe4 Nd3+ 13. Ke2 Nxc1+ 14. Rxc1 Qe7 15. f3 Bf5 16. Qxe7 Bxe7 17. g4 Bg6 18. h4 Rd8 19. d4 c5 20. h5 Bf7 21. Ke3 Bd5 22. Nh3 Kf7 23. Kd3 Rhe8 24. c4 Bc6 25. d5 Bf6 26. Rc2 Ba4 27. Rd2 b5 28. Nf2 Bb3 29. Ne4 Bxc4+ 30. Kc2 Bxd5 31. Nxf6 Kxf6 32. Rhd1 Ke6 33. Kc1 Rf8 34. f4 Rxf4 35. b4 cxb4 36. axb4 Rc4+ 0-1

[Event "XXII. DBMM Schach"]
[Site "Dresden"]
[Date "2024.01.20"]
[Round "6.1"]
[Board "1"]
[White "Walther, Hans Wolfgang"]
[Black "Sawatzki, Frank"]
[Result "1/2-1/2"]
[WhiteElo "2085"]
[BlackElo "2347"]
[Annotator "br"]
[PlyCount "126"]
[GameId "489223831011"]
[EventDate "2024.01.18"]
[EventType "team-swiss"]
[EventRounds "7"]
[EventCountry "GER"]
[Tiebreak "Buchholz"]
[SourceTitle "XXII. DBMM Schach"]
[Source "FV Schach e.V."]
[SourceDate "2024.01.21"]
[SourceVersion "1"]
[SourceVersionDate "2024.01.21"]
[SourceQuality "1"]
[WhiteTeam "Deutsche Bahn/BSW Berlin"]
[BlackTeam "BA Nord/Baubehoerde Hamburg"]
[WhiteTeamCountry "GER"]
[BlackTeamCountry "GER"]

1. d4 d5 2. c4 c6 3. Nf3 Nf6 4. Nc3 dxc4 5. a4 Bf5 6. e3 e6 7. Bxc4 Bb4 8. O-O Nbd7 9. Bd2 a5 10. Qe2 Bg6 11. Rfd1 O-O 12. Bd3 Bh5 13. Ne4 Nxe4 14. Bxe4 Bxd2 15. Rxd2 Nf6 16. Qd3 Nxe4 17. Qxe4 Ra6 18. Rc1 Bxf3 19. Qxf3 Rb6 20. Rc5 Rb4 21. Qd1 Qb6 22. Qc2 Rd8 23. h4 g6 24. g3 Kg7 25. Kg2 h5 26. f4 Rd6 27. Rc3 Qd8 28. Rc4 b6 29. Rf2 Rxc4 30. Qxc4 Kh7 31. Kh2 Qd7 32. b3 Rd5 33. Qa6 Qc7 34. Rc2 Kg7 35. Qa8 c5 36. Qa6 Qd6 37. dxc5 Rxc5 38. Rxc5 Qd2+ 39. Kh3 bxc5 40. Qb5 Qxe3 41. Qxa5 Qxb3 42. Qxc5 Qxa4 43. Qe5+ Kh7 44. Qf6 Qd7 45. Kh2 Kg8 46. Qg5 Qd4 47. Qa5 Kg7 48. Qc7 Kf6 49. Qa5 e5 50. fxe5+ Qxe5 51. Qd8+ Kf5 52. Qd7+ Kf6 53. Qd8+ Kg7 54. Qd2 g5 55. hxg5 Kg6 56. Qd8 Qxg5 57. Qg8+ Kf6 58. Qd8+ Kf5 59. Qc8+ Kf6 60. Qd8+ Kg6 61. Qg8+ Kf6 62. Qd8+ Kg6 63. Qg8+ Kf6 1/2-1/2

[Event "XXII. DBMM Schach"]
[Site "Dresden"]
[Date "2024.01.20"]
[Round "6.2"]
[Board "2"]
[White "Hohlfeld, Wolfgang"]
[Black "Fleuch, Hans Juergen"]
[Result "1/2-1/2"]
[WhiteElo "2041"]
[BlackElo "1939"]
[Annotator "br"]
[PlyCount "22"]
[GameId "489223831012"]
[EventDate "2024.01.18"]
[EventType "team-swiss"]
[EventRounds "7"]
[EventCountry "GER"]
[Tiebreak "Buchholz"]
[SourceTitle "XXII. DBMM Schach"]
[Source "FV Schach e.V."]
[SourceDate "2024.01.21"]
[SourceVersion "1"]
[SourceVersionDate "2024.01.21"]
[SourceQuality "1"]
[WhiteTeam "BA Nord/Baubehoerde Hamburg"]
[BlackTeam "Deutsche Bahn/BSW Berlin"]
[WhiteTeamCountry "GER"]
[BlackTeamCountry "GER"]

1. e4 c6 2. d4 g6 3. Nf3 Bg7 4. Nc3 d6 5. Be2 Nf6 6. O-O O-O 7. Bg5 h6 8. Bh4 Qc7 9. Nd2 b5 10. Bf3 b4 11. Ncb1 Ba6 1/2-1/2

[Event "XXII. DBMM Schach"]
[Site "Dresden"]
[Date "2024.01.20"]
[Round "6.3"]
[Board "3"]
[White "Francke, Dirk"]
[Black "Hein, Ralf"]
[Result "0-1"]
[WhiteElo "2035"]
[BlackElo "2018"]
[Annotator "br"]
[PlyCount "56"]
[GameId "489223831013"]
[EventDate "2024.01.18"]
[EventType "team-swiss"]
[EventRounds "7"]
[EventCountry "GER"]
[Tiebreak "Buchholz"]
[SourceTitle "XXII. DBMM Schach"]
[Source "FV Schach e.V."]
[SourceDate "2024.01.21"]
[SourceVersion "1"]
[SourceVersionDate "2024.01.21"]
[SourceQuality "1"]
[WhiteTeam "Deutsche Bahn/BSW Berlin"]
[BlackTeam "BA Nord/Baubehoerde Hamburg"]
[WhiteTeamCountry "GER"]
[BlackTeamCountry "GER"]

1. b4 d5 2. Bb2 Nf6 3. e3 e6 4. a3 Be7 5. Nf3 O-O 6. c4 b6 7. d4 c5 8. bxc5 bxc5 9. Nbd2 Qa5 10. Qc2 Ne4 11. Bd3 f5 12. O-O Bd7 13. Nb3 Qb6 14. cxd5 exd5 15. Bxe4 fxe4 16. dxc5 Qb7 17. Nfd4 Ba4 18. Qc3 Bf6 19. Rab1 Nc6 20. Ba1 Rab8 21. Nd2 Qf7 22. Rxb8 Rxb8 23. Qc1 Ne5 24. h3 Nd3 25. Qc3 Rb5 26. Nxb5 Bxc3 27. Nxc3 Bc6 28. Nb3 Qe7 0-1

[Event "XXII. DBMM Schach"]
[Site "Dresden"]
[Date "2024.01.20"]
[Round "6.4"]
[Board "4"]
[White "Buchholz, Robert"]
[Black "Strauss, Peter"]
[Result "1-0"]
[WhiteElo "1953"]
[BlackElo "1849"]
[Annotator "br"]
[PlyCount "83"]
[GameId "489223831014"]
[EventDate "2024.01.18"]
[EventType "team-swiss"]
[EventRounds "7"]
[EventCountry "GER"]
[Tiebreak "Buchholz"]
[SourceTitle "XXII. DBMM Schach"]
[Source "FV Schach e.V."]
[SourceDate "2024.01.21"]
[SourceVersion "1"]
[SourceVersionDate "2024.01.21"]
[SourceQuality "1"]
[WhiteTeam "BA Nord/Baubehoerde Hamburg"]
[BlackTeam "Deutsche Bahn/BSW Berlin"]
[WhiteTeamCountry "GER"]
[BlackTeamCountry "GER"]

1. d4 d5 2. c4 e6 3. Nc3 Nf6 4. Nf3 c6 5. Bg5 Be7 6. e3 Nbd7 7. Rc1 h6 8. Bh4 O-O 9. Bd3 Re8 10. O-O Nh5 11. Ne5 Nxe5 12. Bxe7 Qxe7 13. dxe5 g6 14. Qg4 Ng7 15. f4 Bd7 16. Qh3 h5 17. Qf3 Red8 18. h3 Nf5 19. g4 hxg4 20. hxg4 Nh6 21. Rc2 Kg7 22. Rg2 Rh8 23. Qg3 Rag8 24. f5 gxf5 25. gxf5+ Kf8 26. f6 Qc5 27. Qf4 Rg4 28. Rxg4 Nxg4 29. Rf3 dxc4 30. Ne4 Qxe5 31. Bxc4 Qxf4 32. exf4 Rh6 33. Rd3 Be8 34. Rd8 Nxf6 35. Nd6 Ke7 36. Nxb7 Rh4 37. Ba6 Rxf4 38. Ra8 Rc4 39. Bxc4 Nd5 40. Rxa7 Kf6 41. Nd6 Nb6 42. Nxe8+ 1-0

[Event "XXII. DBMM Schach"]
[Site "Dresden"]
[Date "2024.01.20"]
[Round "6.1"]
[Board "1"]
[White "Bressler, Patrick"]
[Black "Hebbinghaus, Holger"]
[Result "0-1"]
[WhiteElo "2073"]
[BlackElo "2151"]
[Annotator "br"]
[PlyCount "112"]
[GameId "489223831015"]
[EventDate "2024.01.18"]
[EventType "team-swiss"]
[EventRounds "7"]
[EventCountry "GER"]
[Tiebreak "Buchholz"]
[SourceTitle "XXII. DBMM Schach"]
[Source "FV Schach e.V."]
[SourceDate "2024.01.21"]
[SourceVersion "1"]
[SourceVersionDate "2024.01.21"]
[SourceQuality "1"]
[WhiteTeam "Gardez Robe Berlin"]
[BlackTeam "BWVL Hamburg"]
[WhiteTeamCountry "GER"]
[BlackTeamCountry "GER"]

1. Nf3 d5 2. g3 c5 3. Bg2 Nc6 4. d3 e5 5. O-O Be7 6. Nbd2 Be6 7. e4 d4 8. a4 h5 9. h3 h4 10. g4 g5 11. Nc4 f6 12. Nfd2 Nh6 13. f3 Nf7 14. Rf2 Rh7 15. Bf1 Nh8 16. Nb3 Ng6 17. Qe1 Qd7 18. Bd2 Nd8 19. Nc1 Rc8 20. Qd1 Bf7 21. b3 b6 22. Qe1 Nc6 23. Qd1 Kf8 24. Qe1 Kg7 25. Qd1 Rhh8 26. Qe1 Rb8 27. Qd1 Bd8 28. Nb2 Bc7 29. Ne2 a6 30. Nc1 Ra8 31. Ne2 Rhc8 32. Qc1 Qd8 33. Qd1 b5 34. Nc1 Ba5 35. Ne2 Bxd2 36. Qxd2 Qb6 37. Qc1 Nd8 38. Rb1 Qd6 39. Qd1 Qd7 40. Qe1 Nb7 41. Nc1 Nd6 42. Ra1 Qc6 43. Kh1 c4 44. Nd1 c3 45. Kg1 a5 46. Ne2 Qc5 47. Nc1 bxa4 48. Rxa4 Be8 49. Ra1 a4 50. Bg2 Nf4 51. Rf1 axb3 52. Nxb3 Qb6 53. Rxa8 Rxa8 54. Qe2 Nxd3 55. cxd3 Qxb3 56. f4 Ra2 0-1

[Event "XXII. DBMM Schach"]
[Site "Dresden"]
[Date "2024.01.20"]
[Round "6.2"]
[Board "2"]
[White "Varain, Ernst Helmuth"]
[Black "Weiss, Christian"]
[Result "1/2-1/2"]
[WhiteElo "2019"]
[BlackElo "2109"]
[Annotator "br"]
[PlyCount "33"]
[GameId "489223831016"]
[EventDate "2024.01.18"]
[EventType "team-swiss"]
[EventRounds "7"]
[EventCountry "GER"]
[Tiebreak "Buchholz"]
[SourceTitle "XXII. DBMM Schach"]
[Source "FV Schach e.V."]
[SourceDate "2024.01.21"]
[SourceVersion "1"]
[SourceVersionDate "2024.01.21"]
[SourceQuality "1"]
[WhiteTeam "BWVL Hamburg"]
[BlackTeam "Gardez Robe Berlin"]
[WhiteTeamCountry "GER"]
[BlackTeamCountry "GER"]

1. e4 e5 2. Nf3 Nc6 3. Bb5 a6 4. Ba4 Nf6 5. O-O Be7 6. Re1 b5 7. Bb3 O-O 8. c3 d5 9. exd5 Nxd5 10. Nxe5 Nxe5 11. Rxe5 c6 12. d4 Bd6 13. Re1 Qh4 14. g3 Qh3 15. Be3 Bg4 16. Qd3 Rae8 17. Nd2 1/2-1/2

[Event "XXII. DBMM Schach"]
[Site "Dresden"]
[Date "2024.01.20"]
[Round "6.3"]
[Board "3"]
[White "Hoffmann, Michael"]
[Black "Limbach, Torsten"]
[Result "1-0"]
[WhiteElo "1977"]
[BlackElo "1980"]
[Annotator "br"]
[PlyCount "119"]
[GameId "489223831017"]
[EventDate "2024.01.18"]
[EventType "team-swiss"]
[EventRounds "7"]
[EventCountry "GER"]
[Tiebreak "Buchholz"]
[SourceTitle "XXII. DBMM Schach"]
[Source "FV Schach e.V."]
[SourceDate "2024.01.21"]
[SourceVersion "1"]
[SourceVersionDate "2024.01.21"]
[SourceQuality "1"]
[WhiteTeam "Gardez Robe Berlin"]
[BlackTeam "BWVL Hamburg"]
[WhiteTeamCountry "GER"]
[BlackTeamCountry "GER"]

1. d4 d5 2. Nf3 Nf6 3. e3 c5 4. dxc5 Qa5+ 5. Nbd2 Qxc5 6. a3 Bg4 7. Be2 Nbd7 8. O-O Rc8 9. c4 Bxf3 10. Bxf3 Ne5 11. b4 Nxf3+ 12. Qxf3 Qc6 13. Bb2 dxc4 14. Qxc6+ Rxc6 15. b5 Rc8 16. Rfc1 e6 17. Nxc4 Rd8 18. Bd4 b6 19. Ne5 Bd6 20. Nc6 Rd7 21. Nxa7 O-O 22. Nc6 Rb7 23. a4 Ra8 24. Rd1 Bf8 25. Rdb1 Nd7 26. a5 bxa5 27. Rxa5 Rxa5 28. Nxa5 Rb8 29. Nc6 Rb7 30. b6 f6 31. Nd8 Rb8 32. Nxe6 Kf7 33. Nc7 Bd6 34. Na6 Rb7 35. Kf1 Be5 36. Bc5 Bc3 37. Rb5 f5 38. Ke2 g6 39. Kd3 Be1 40. f3 Bh4 41. Kc4 Bd8 42. Kd5 Nxb6+ 43. Kc6 Rd7 44. Bxb6 Rd2 45. Bxd8 Rxd8 46. Rd5 Rc8+ 47. Nc7 Rb8 48. Rd7+ Kg8 49. Nd5 Rb2 50. Nf6+ Kf8 51. Nxh7+ Ke8 52. Nf6+ Kf8 53. g4 Rxh2 54. gxf5 gxf5 55. Nd5 Rh3 56. f4 Kg8 57. Kd6 Kf8 58. Ke5 Rh5 59. Nf6 Rh3 60. Rd3 1-0

[Event "XXII. DBMM Schach"]
[Site "Dresden"]
[Date "2024.01.20"]
[Round "6.4"]
[Board "4"]
[White "Hartmann, Jens"]
[Black "Schober, Ralf"]
[Result "0-1"]
[WhiteElo "1817"]
[BlackElo "2092"]
[Annotator "br"]
[PlyCount "94"]
[GameId "489223831018"]
[EventDate "2024.01.18"]
[EventType "team-swiss"]
[EventRounds "7"]
[EventCountry "GER"]
[Tiebreak "Buchholz"]
[SourceTitle "XXII. DBMM Schach"]
[Source "FV Schach e.V."]
[SourceDate "2024.01.21"]
[SourceVersion "1"]
[SourceVersionDate "2024.01.21"]
[SourceQuality "1"]
[WhiteTeam "BWVL Hamburg"]
[BlackTeam "Gardez Robe Berlin"]
[WhiteTeamCountry "GER"]
[BlackTeamCountry "GER"]

1. e4 d6 2. d4 Nf6 3. Bd3 e5 4. c3 d5 5. dxe5 Nxe4 6. Bxe4 dxe4 7. Qxd8+ Kxd8 8. Ne2 Nd7 9. Bf4 Nc5 10. Nc1 Bf5 11. O-O h6 12. h3 g5 13. Be3 Nd7 14. Bd4 Rg8 15. g4 Bg6 16. f3 Bg7 17. fxe4 c5 18. Be3 Bxe5 19. Nd2 b6 20. Nd3 Bg7 21. Rad1 Kc7 22. Bf2 Rad8 23. Bg3+ Kc6 24. Nf2 Ne5 25. Bxe5 Bxe5 26. Nf3 Bg7 27. Rfe1 Rge8 28. Rxd8 Rxd8 29. h4 gxh4 30. Nxh4 Rd2 31. Nxg6 fxg6 32. e5 Kd7 33. Ne4 Rxb2 34. g5 h5 35. e6+ Kxe6 36. Nxc5+ Kf5 37. Rf1+ Kxg5 38. Ne6+ Kh6 39. Rf7 Bxc3 40. Rxa7 Re2 41. Nf4 Bd4+ 42. Kh1 Re4 43. Nd5 h4 44. Ra4 g5 45. Kg2 Rg4+ 46. Kf3 Rg3+ 47. Ke4 h3 0-1

[Event "XXII. DBMM Schach"]
[Site "Dresden"]
[Date "2024.01.20"]
[Round "6.1"]
[Board "1"]
[White "Gottschalk, Jens"]
[Black "Hilbig, Olaf"]
[Result "1-0"]
[WhiteElo "2213"]
[BlackElo "2035"]
[Annotator "br"]
[PlyCount "103"]
[GameId "489223831019"]
[EventDate "2024.01.18"]
[EventType "team-swiss"]
[EventRounds "7"]
[EventCountry "GER"]
[Tiebreak "Buchholz"]
[SourceTitle "XXII. DBMM Schach"]
[Source "FV Schach e.V."]
[SourceDate "2024.01.21"]
[SourceVersion "1"]
[SourceVersionDate "2024.01.21"]
[SourceQuality "1"]
[WhiteTeam "R+V Versicherung Wiesbaden"]
[BlackTeam "BSG Commerzbank Frankfurt"]
[WhiteTeamCountry "GER"]
[BlackTeamCountry "GER"]

1. d4 d5 2. c4 e6 3. Nf3 c6 4. Qc2 f5 5. g3 Nf6 6. Bg2 Bd6 7. b3 O-O 8. O-O Ne4 9. Ba3 Bxa3 10. Nxa3 Nd7 11. Nb1 Ndf6 12. Nbd2 Bd7 13. Ne5 Nxd2 14. Qxd2 Ng4 15. Nxg4 fxg4 16. e4 Be8 17. Rae1 dxc4 18. bxc4 e5 19. d5 c5 20. h3 b5 21. hxg4 bxc4 22. Qc3 Qd6 23. Qxc4 a6 24. a4 Rb8 25. Rc1 Rb4 26. Qxc5 Qxc5 27. Rxc5 Bxa4 28. Rfc1 Rb2 29. f3 Bb5 30. Rc8 Rd2 31. Bf1 Bxf1 32. Kxf1 Rxc8 33. Rxc8+ Kf7 34. Rc7+ Kf8 35. Ra7 Ra2 36. d6 Rd2 37. Rxa6 h6 38. Ke1 Rd4 39. Ke2 Ke8 40. Ke3 Rd1 41. f4 Re1+ 42. Kf3 Kd7 43. fxe5 Ke6 44. Ra7 Kxe5 45. d7 Rd1 46. Ra5+ Ke6 47. Rd5 Rxd5 48. exd5+ Kxd7 49. Ke4 Kd6 50. Kd4 g6 51. Ke4 h5 52. g5 1-0

[Event "XXII. DBMM Schach"]
[Site "Dresden"]
[Date "2024.01.20"]
[Round "6.2"]
[Board "2"]
[White "Heuermann, Heinz Burkhard"]
[Black "Launert, Martin"]
[Result "0-1"]
[WhiteElo "1793"]
[BlackElo "1827"]
[Annotator "br"]
[PlyCount "137"]
[GameId "489223831020"]
[EventDate "2024.01.18"]
[EventType "team-swiss"]
[EventRounds "7"]
[EventCountry "GER"]
[Tiebreak "Buchholz"]
[SourceTitle "XXII. DBMM Schach"]
[Source "FV Schach e.V."]
[SourceDate "2024.01.21"]
[SourceVersion "1"]
[SourceVersionDate "2024.01.21"]
[SourceQuality "1"]
[WhiteTeam "BSG Commerzbank Frankfurt"]
[BlackTeam "R+V Versicherung Wiesbaden"]
[WhiteTeamCountry "GER"]
[BlackTeamCountry "GER"]

1. Nf3 d5 2. g3 Nf6 3. Bg2 Nc6 4. d4 g6 5. O-O Bg7 6. b3 O-O 7. Bb2 Re8 8. h3 b6 9. Nbd2 Bb7 10. Rc1 Rc8 11. c4 e6 12. Re1 Ne7 13. Ne5 Nd7 14. f4 Nxe5 15. dxe5 c5 16. e3 Rc7 17. g4 Rd7 18. Qe2 Bc6 19. cxd5 Bxd5 20. e4 Bb7 21. Nc4 Ba6 22. Qc2 Bxc4 23. Qxc4 Nc6 24. Bc3 Qe7 25. Rcd1 Red8 26. Rxd7 Rxd7 27. Re3 Bh6 28. g5 Bg7 29. Rd3 Qd8 30. Bf1 h6 31. h4 hxg5 32. hxg5 Bf8 33. Rxd7 Qxd7 34. Qd3 Qxd3 35. Bxd3 Nd4 36. Kf2 Be7 37. Ke3 Nc6 38. Bb5 Nb8 39. Kf3 Kf8 40. Kg4 Bd8 41. f5 a6 42. Bc4 Ke7 43. Be2 Kd7 44. b4 Kc6 45. fxe6 fxe6 46. Bc4 Kd7 47. bxc5 bxc5 48. Kf4 Bc7 49. Bb2 Bd8 50. Bc1 Ba5 51. Be3 Bb6 52. Kf3 Ke7 53. Ke2 Kd7 54. Kd3 Nc6 55. Bf4 Bc7 56. Kc3 Nxe5 57. Bxa6 Ba5+ 58. Kb3 Nf7 59. Ka4 Bd8 60. Bb5+ Ke7 61. Bc6 e5 62. Kb5 Nd6+ 63. Kxc5 exf4 64. e5 Nf7 65. Bd5 Nxg5 66. Kd4 Bb6+ 67. Kc4 f3 68. Kd3 f2 69. Ke2 {Restliche Züge nicht rekonstruierbar.} 0-1

[Event "XXII. DBMM Schach"]
[Site "Dresden"]
[Date "2024.01.20"]
[Round "6.3"]
[Board "3"]
[White "Nischke, Klaus Peter"]
[Black "Gebhardt, Christian"]
[Result "1/2-1/2"]
[WhiteElo "1670"]
[BlackElo "1842"]
[Annotator "br"]
[PlyCount "34"]
[GameId "489223831021"]
[EventDate "2024.01.18"]
[EventType "team-swiss"]
[EventRounds "7"]
[EventCountry "GER"]
[Tiebreak "Buchholz"]
[SourceTitle "XXII. DBMM Schach"]
[Source "FV Schach e.V."]
[SourceDate "2024.01.21"]
[SourceVersion "1"]
[SourceVersionDate "2024.01.21"]
[SourceQuality "1"]
[WhiteTeam "R+V Versicherung Wiesbaden"]
[BlackTeam "BSG Commerzbank Frankfurt"]
[WhiteTeamCountry "GER"]
[BlackTeamCountry "GER"]

1. e4 e6 2. d4 d5 3. exd5 exd5 4. Nf3 Bd6 5. c4 c6 6. c5 Be7 7. Bd3 Nf6 8. O-O O-O 9. Re1 Re8 10. Bg5 Nbd7 11. Nbd2 Nf8 12. Qe2 Ne6 13. Bxf6 Bxf6 14. Ne5 Nxd4 15. Bxh7+ Kxh7 16. Qh5+ Kg8 17. Qxf7+ Kh8 1/2-1/2

[Event "XXII. DBMM Schach"]
[Site "Dresden"]
[Date "2024.01.20"]
[Round "6.4"]
[Board "4"]
[White "Klowski, Bjoern Sigurd"]
[Black "Schmidt, Joerg"]
[Result "1-0"]
[WhiteElo "1601"]
[BlackElo "1762"]
[Annotator "br"]
[PlyCount "69"]
[GameId "489223831023"]
[EventDate "2024.01.18"]
[EventType "team-swiss"]
[EventRounds "7"]
[EventCountry "GER"]
[Tiebreak "Buchholz"]
[SourceTitle "XXII. DBMM Schach"]
[Source "FV Schach e.V."]
[SourceDate "2024.01.21"]
[SourceVersion "1"]
[SourceVersionDate "2024.01.21"]
[SourceQuality "1"]
[WhiteTeam "BSG Commerzbank Frankfurt"]
[BlackTeam "R+V Versicherung Wiesbaden"]
[WhiteTeamCountry "GER"]
[BlackTeamCountry "GER"]

1. e4 e6 2. d4 d5 3. Nd2 dxe4 4. Nxe4 b6 5. Nf3 Bb7 6. Bd3 Nd7 7. O-O Ngf6 8. Bg5 h6 9. Bh4 Rc8 10. Qe2 c5 11. Nxf6+ gxf6 12. Be4 Qc7 13. Rad1 Bxe4 14. Qxe4 f5 15. Qe3 cxd4 16. Nxd4 Bc5 17. Qc3 Rg8 18. Nb5 Qb7 19. g3 a6 20. Qxc5 Nxc5 21. Nd6+ Kf8 22. Nxb7 Nxb7 23. Bf6 Rg6 24. Bd4 b5 25. Rd2 Ke7 26. Rfd1 Rgg8 27. Be3 Nc5 28. Bxh6 Ne4 29. Rd7+ Kf6 30. f3 Nc5 31. R7d2 Na4 32. Be3 f4 33. Bxf4 Nxb2 34. Re1 Rc4 35. Be5+ 1-0

[Event "XXII. DBMM Schach"]
[Site "Dresden"]
[Date "2024.01.20"]
[Round "6.1"]
[Board "1"]
[White "Grabow, Carsten"]
[Black "Hartig, Frank"]
[Result "0-1"]
[WhiteElo "2067"]
[BlackElo "2080"]
[Annotator "br"]
[PlyCount "120"]
[GameId "489223831024"]
[EventDate "2024.01.18"]
[EventType "team-swiss"]
[EventRounds "7"]
[EventCountry "GER"]
[Tiebreak "Buchholz"]
[SourceTitle "XXII. DBMM Schach"]
[Source "FV Schach e.V."]
[SourceDate "2024.01.21"]
[SourceVersion "1"]
[SourceVersionDate "2024.01.21"]
[SourceQuality "1"]
[WhiteTeam "d-fine Frankfurt II"]
[BlackTeam "EFS Filtertechnik Erkrath"]
[WhiteTeamCountry "GER"]
[BlackTeamCountry "GER"]

1. e4 d5 2. exd5 Qxd5 3. Nc3 Qa5 4. d4 Nf6 5. Nf3 Bf5 6. Bd2 c6 7. Ne5 Nbd7 8. b4 Qc7 9. Bf4 Nxe5 10. Bxe5 Qd7 11. b5 e6 12. bxc6 bxc6 13. Rb1 Bd6 14. Qf3 O-O 15. Bd3 Bxd3 16. Qxd3 Bxe5 17. dxe5 Qxd3 18. cxd3 Ng4 19. d4 Rfd8 20. Ne2 Rab8 21. O-O Nh6 22. Rfc1 Nf5 23. g4 Ne7 24. Kg2 Kf8 25. Kf3 Ke8 26. Ke4 Rb6 27. Nc3 Rdb8 28. Rxb6 axb6 29. a4 Ra8 30. Rb1 Nc8 31. Rb4 Ra6 32. h4 Ne7 33. h5 Kd7 34. Kd3 Nd5 35. Nxd5 exd5 36. Kc3 g5 37. Kb3 Kc7 38. Kc3 Ra5 39. Kd3 c5 40. dxc5 bxc5 41. Rb5 Rxb5 42. axb5 Kb6 43. f4 gxf4 44. g5 c4+ 45. Ke2 c3 46. e6 fxe6 47. g6 hxg6 48. hxg6 f3+ 49. Kxf3 c2 50. g7 c1=Q 51. g8=Q Qf1+ 52. Ke3 Qe1+ 53. Kd3 Qe4+ 54. Kd2 Kxb5 55. Qb8+ Kc4 56. Qc7+ Kb4 57. Qb6+ Ka3 58. Qa5+ Qa4 59. Qc3+ Ka2 60. Qe5 Qb4+ 0-1

[Event "XXII. DBMM Schach"]
[Site "Dresden"]
[Date "2024.01.20"]
[Round "6.2"]
[Board "2"]
[White "Hammes, Frank"]
[Black "Belzner, Jonas"]
[Result "1/2-1/2"]
[WhiteElo "2120"]
[BlackElo "1911"]
[Annotator "br"]
[PlyCount "99"]
[GameId "489223831025"]
[EventDate "2024.01.18"]
[EventType "team-swiss"]
[EventRounds "7"]
[EventCountry "GER"]
[Tiebreak "Buchholz"]
[SourceTitle "XXII. DBMM Schach"]
[Source "FV Schach e.V."]
[SourceDate "2024.01.21"]
[SourceVersion "1"]
[SourceVersionDate "2024.01.21"]
[SourceQuality "1"]
[WhiteTeam "EFS Filtertechnik Erkrath"]
[BlackTeam "d-fine Frankfurt II"]
[WhiteTeamCountry "GER"]
[BlackTeamCountry "GER"]

1. Nf3 d5 2. d4 Nf6 3. c4 e6 4. g3 Be7 5. Bg2 O-O 6. O-O c6 7. Nc3 Nbd7 8. b3 Qc7 9. Bb2 Bd6 10. Rc1 a6 11. Nd2 dxc4 12. Nxc4 Rd8 13. Nxd6 Qxd6 14. e4 e5 15. dxe5 Nxe5 16. Qxd6 Rxd6 17. Na4 Nfd7 18. Rcd1 Rxd1 19. Rxd1 f6 20. Bh3 b5 21. Bxe5 bxa4 22. Bxd7 Bxd7 23. Rxd7 fxe5 24. Rc7 axb3 25. axb3 Rb8 26. Rxc6 Rxb3 27. Rxa6 Kf7 28. Kg2 Rc3 29. h4 h5 30. Rd6 Ra3 31. Rb6 Rc3 32. Rb2 Kf6 33. f3 Ra3 34. Kf2 Rc3 35. Ke2 Ra3 36. Rd2 Ra1 37. Ke3 Rg1 38. Rd6+ Kf7 39. Kf2 Rh1 40. Rd5 Kf6 41. Kg2 Re1 42. Rd8 g6 43. Kf2 Rh1 44. Rd6+ Kf7 45. Rb6 Rh2+ 46. Ke3 Rg2 47. Rb7+ Kf6 48. Rb6+ Kf7 49. Rb7+ Kf6 50. Rb6+ 1/2-1/2